Living Planet Report 2014 (Record no. 115190)
[ view plain ]
| 000 -LEADER | |
|---|---|
| fixed length control field | 01332cad a22002535a 4500 |
| 001 - CONTROL NUMBER | |
| control field | L158188 |
| 008 - FIXED-LENGTH DATA ELEMENTS--GENERAL INFORMATION | |
| fixed length control field | 141009s2014 xxk f 000 0 eng d |
| 035 ## - SYSTEM CONTROL NUMBER | |
| System control number | (Sirsi) u158188 |
| 041 0# - LANGUAGE CODE | |
| Language code of text/sound track or separate title | eng |
| 110 2# - MAIN ENTRY--CORPORATE NAME | |
| Corporate name or jurisdiction name as entry element | WWF-UK |
| 245 00 - TITLE STATEMENT | |
| Title | Living Planet Report 2014 |
| Remainder of title | Species and spaces, people and places |
| Medium | [electronic resource] |
| 260 ## - PUBLICATION, DISTRIBUTION, ETC. | |
| Place of publication, distribution, etc. | London |
| -- | WF |
| Date of publication, distribution, etc. | 2014 |
| 520 ## - SUMMARY, ETC. | |
| Summary, etc. | Latest Living Planet Report warns that many species on our planet are facing a difficult future with the Living Planet Index which measures more than 10 000 representative populations of mammals, birds, reptiles, amphibians and fish, has declined by 52% since 1970. The report argues that the leading cause of this decline is the unsustainable hunting and fishing, habitat degradation and loss and climate change and urges the upcoming generation to build a future where people can live and prosper in harmony with nature. |
| 590 ## - LOCAL NOTE (RLIN) | |
| Local note | KA |
| 650 24 - SUBJECT ADDED ENTRY--TOPICAL TERM | |
| Topical term or geographic name entry element | Land use |
| 9 (RLIN) | 6251 |
| 650 24 - SUBJECT ADDED ENTRY--TOPICAL TERM | |
| Topical term or geographic name entry element | Infrastructure |
| 9 (RLIN) | 6246 |
| 651 #4 - SUBJECT ADDED ENTRY--GEOGRAPHIC NAME | |
| Geographic name | International |
| 690 ## - LOCAL SUBJECT ADDED ENTRY--TOPICAL TERM (OCLC, RLIN) | |
| Topical term or geographic name as entry element | Sustainability |
| 9 (RLIN) | 6271 |
| 710 1# - ADDED ENTRY--CORPORATE NAME | |
| Corporate name or jurisdiction name as entry element | Zoological Society of London |
| 710 1# - ADDED ENTRY--CORPORATE NAME | |
| Corporate name or jurisdiction name as entry element | Water Footprint Network |
| 710 1# - ADDED ENTRY--CORPORATE NAME | |
| Corporate name or jurisdiction name as entry element | Global Footprint Network |
| 856 40 - ELECTRONIC LOCATION AND ACCESS | |
| Uniform Resource Identifier | <a href="https://assets.wwf.org.uk/downloads/living_planet_report_2014.pdf?_ga=1.86679384.115380641.1412851555">https://assets.wwf.org.uk/downloads/living_planet_report_2014.pdf?_ga=1.86679384.115380641.1412851555</a> |
| Public note | To view a copy of the full report |
| 942 ## - ADDED ENTRY ELEMENTS (KOHA) | |
| Suppress in OPAC | 0 |
| Withdrawn status | Lost status | Source of classification or shelving scheme | Damaged status | Not for loan | Home library | Current library | Shelving location | Date acquired | Total Checkouts | Full call number | Barcode | Date last seen | Copy number | Price effective from | Koha item type |
|---|---|---|---|---|---|---|---|---|---|---|---|---|---|---|---|
| Dewey Decimal Classification | Virtual | Virtual | Online | 09/10/2014 | ONLINE PUBLICATION | 158188-2001 | 06/08/2019 | 1 | 06/08/2019 | Book |